<?xml version="1.0" encoding="UTF-8"?>
<record
    xmlns:xsi="http://www.w3.org/2001/XMLSchema-instance"
    xsi:schemaLocation="http://www.loc.gov/MARC21/slim http://www.loc.gov/standards/marcxml/schema/MARC21slim.xsd"
    xmlns="http://www.loc.gov/MARC21/slim">

  <leader>00693nam a22002297a 4500</leader>
  <datafield tag="952" ind1=" " ind2=" ">
    <subfield code="a">0001</subfield>
    <subfield code="b">0001</subfield>
    <subfield code="d">2019-03-21</subfield>
    <subfield code="l">0</subfield>
    <subfield code="o">327.561 R61t 2009</subfield>
    <subfield code="p">019059</subfield>
    <subfield code="r">2019-03-21 00:00:00</subfield>
    <subfield code="w">2019-03-21</subfield>
    <subfield code="y">BKS</subfield>
  </datafield>
  <datafield tag="999" ind1=" " ind2=" ">
    <subfield code="c">13000</subfield>
    <subfield code="d">13000</subfield>
  </datafield>
  <controlfield tag="003">MIRAKIL</controlfield>
  <controlfield tag="005">20190321112736.0</controlfield>
  <controlfield tag="008">190321b        tu ||||| |||| 00| 0 tur d</controlfield>
  <datafield tag="020" ind1=" " ind2=" ">
    <subfield code="a">9789755096070</subfield>
  </datafield>
  <datafield tag="040" ind1=" " ind2=" ">
    <subfield code="a">TR-AnCHP</subfield>
    <subfield code="c">TR-AnCHP</subfield>
  </datafield>
  <datafield tag="041" ind1=" " ind2=" ">
    <subfield code="a">tur</subfield>
  </datafield>
  <datafield tag="082" ind1=" " ind2=" ">
    <subfield code="a">327.561</subfield>
    <subfield code="b">R61t 2009</subfield>
  </datafield>
  <datafield tag="100" ind1=" " ind2=" ">
    <subfield code="a">Robins, Philip</subfield>
  </datafield>
  <datafield tag="245" ind1="1" ind2="0">
    <subfield code="a">Tak&#x131;m elbiseliler ve &#xFC;niformal&#x131;lar /</subfield>
    <subfield code="c">Philip Robins ; &#xE7;eviren &#x15E;irin Yener</subfield>
  </datafield>
  <datafield tag="260" ind1=" " ind2=" ">
    <subfield code="a">Ankara :</subfield>
    <subfield code="b">Arkada&#x15F; yay&#x131;nevi ;</subfield>
    <subfield code="c">2009.</subfield>
  </datafield>
  <datafield tag="300" ind1=" " ind2=" ">
    <subfield code="a">xv&#x131;, 385 s.:</subfield>
    <subfield code="c">21 sm.</subfield>
  </datafield>
  <datafield tag="504" ind1=" " ind2=" ">
    <subfield code="a">Kaynak&#xE7;a vard&#x131;r.</subfield>
  </datafield>
  <datafield tag="650" ind1=" " ind2="0">
    <subfield code="9">4</subfield>
    <subfield code="a">T&#xFC;rkiye</subfield>
    <subfield code="x">D&#x131;&#x15F; ili&#x15F;kiler</subfield>
  </datafield>
  <datafield tag="650" ind1=" " ind2="0">
    <subfield code="9">4</subfield>
    <subfield code="a">T&#xFC;rkiye</subfield>
    <subfield code="x">siyaset ve y&#xF6;netim</subfield>
  </datafield>
  <datafield tag="700" ind1=" " ind2=" ">
    <subfield code="9">5524</subfield>
    <subfield code="a">Yener, &#x15E;irin</subfield>
    <subfield code="e">&#xE7;ev.</subfield>
  </datafield>
  <datafield tag="942" ind1=" " ind2=" ">
    <subfield code="2">ddc</subfield>
    <subfield code="c">BKS</subfield>
  </datafield>
</record>
